|
|
|
|
| LEADER |
00000cam a22000004a 4500 |
| 001 |
musev2_41582 |
| 003 |
MdBmJHUP |
| 005 |
20230905044346.0 |
| 006 |
m o d |
| 007 |
cr||||||||nn|n |
| 008 |
170610s2011 xx o 00 0 eng d |
| 020 |
|
|
|a 9781597973090
|
| 020 |
|
|
|z 9781574889239
|
| 035 |
|
|
|a (OCoLC)933516628
|
| 040 |
|
|
|a MdBmJHUP
|c MdBmJHUP
|
| 100 |
1 |
|
|a Parshall, Jonathan.
|
| 245 |
1 |
0 |
|a Shattered Sword :
|b The Untold Story of the Battle of Midway
|
| 264 |
|
1 |
|a Herndon :
|b Potomac Books,
|c 2011.
|
| 264 |
|
3 |
|a Baltimore, Md. :
|b Project MUSE,
|c 2016
|
| 264 |
|
4 |
|c ©2011.
|
| 300 |
|
|
|a 1 online resource (640 pages).
|
| 336 |
|
|
|a text
|b txt
|2 rdacontent
|
| 337 |
|
|
|a computer
|b c
|2 rdamedia
|
| 338 |
|
|
|a online resource
|b cr
|2 rdacarrier
|
| 588 |
|
|
|a Description based on print version record.
|
| 650 |
|
7 |
|a Military operations, Naval
|x Japanese.
|2 fast
|0 (OCoLC)fst01937589
|
| 650 |
|
7 |
|a Military operations, Naval
|x American.
|2 fast
|0 (OCoLC)fst01710245
|
| 650 |
|
7 |
|a Military operations, Aerial
|x Japanese.
|2 fast
|0 (OCoLC)fst01710219
|
| 650 |
|
7 |
|a Military operations, Aerial
|x American.
|2 fast
|0 (OCoLC)fst01710199
|
| 650 |
|
6 |
|a Guerre mondiale, 1939-1945
|x Operations aeriennes japonaises.
|
| 650 |
|
6 |
|a Guerre mondiale, 1939-1945
|x Operations navales americaines.
|
| 650 |
|
6 |
|a Bataille de Midway, 1942.
|
| 650 |
|
0 |
|a World War, 1939-1945
|x Aerial operations, American.
|
| 650 |
|
0 |
|a World War, 1939-1945
|x Aerial operations, Japanese.
|
| 650 |
|
0 |
|a World War, 1939-1945
|x Naval operations, American.
|
| 650 |
|
0 |
|a World War, 1939-1945
|x Naval operations, Japanese.
|
| 650 |
|
0 |
|a Midway, Battle of, 1942.
|
| 651 |
|
7 |
|a Midway Islands.
|2 fast
|0 (OCoLC)fst01240060
|
| 655 |
|
7 |
|a Electronic books.
|2 local
|
| 700 |
1 |
|
|a Lundstrom, John B.
|
| 700 |
1 |
|
|a Tully, Anthony.
|
| 710 |
2 |
|
|a Project Muse.
|e distributor
|
| 830 |
|
0 |
|a Book collections on Project MUSE.
|
| 856 |
4 |
0 |
|z Texto completo
|u https://projectmuse.uam.elogim.com/book/41582/
|
| 945 |
|
|
|a Project MUSE - Custom Collection
|
| 945 |
|
|
|a Project MUSE - Archive Complete Supplement IV
|
| 945 |
|
|
|a Project MUSE - Archive History Supplement IV
|